La "Comunidad" Internacional y la Sociedad de las Naciones (Registro nro. 114789)

Detalles MARC
000 -LEADER
campo de control de longitud fija 00881nam a2200205 i 4500
001 - NÚMERO DE CONTROL
campo de control 114789
003 - IDENTIFICADOR DE NÚMERO DE CONTROL
campo de control ES-MaACL
005 - FECHA Y HORA DE LA ÚLTIMA TRANSACCIÓN
campo de control 20240312062543.0
007 - CAMPO FIJO DE DESCRIPCIÓN FÍSICA--INFORMACIÓN GENERAL
campo de control de longitud fija t|
008 - DATOS DE LONGITUD FIJA--INFORMACIÓN GENERAL
campo de control de longitud fija 070327s1935 sp |||| | spa d
100 1# - ENTRADA PRINCIPAL--NOMBRE DE PERSONA
Nombre de persona Ríos, Fernando de los,
Fechas asociadas al nombre 1879-1949
9 (RLIN) 97398
245 14 - MENCIÓN DEL TÍTULO
Título La "Comunidad" Internacional y la Sociedad de las Naciones
Resto del título : Ateneo de Madrid, curso de 1935-36, Centenario de la Corporación : discurso inaugural leído por Fernando de los Ríos Urruti, presidente del Ateneo, en la sesión del 19 de noviembre de 1935.
260 ## - PUBLICACIÓN, DISTRIBUCIÓN, ETC.
Lugar de publicación, distribución, etc. Madrid :
Nombre del editor, distribuidor, etc. [s.n,
Fecha de publicación, distribución, etc. 1935] (
Fabricante Imp. Madrid-Aragón)
300 ## - DESCRIPCIÓN FÍSICA
Extensión 46 p. ;
Dimensiones 22 cm.
610 24 - PUNTO DE ACCESO ADICIONAL DE MATERIA--NOMBRE DE ENTIDAD CORPORATIVA
Nombre de entidad corporativa o nombre de jurisdicción como elemento de entrada Sociedad de Naciones.
9 (RLIN) 6682
610 27 - PUNTO DE ACCESO ADICIONAL DE MATERIA--NOMBRE DE ENTIDAD CORPORATIVA
Nombre de entidad corporativa o nombre de jurisdicción como elemento de entrada Ateneo de Madrid-
Subdivisión de forma Discursos de apertura-
Subdivisión cronológica S.XX.
9 (RLIN) 1913
610 24 - PUNTO DE ACCESO ADICIONAL DE MATERIA--NOMBRE DE ENTIDAD CORPORATIVA
Nombre de entidad corporativa o nombre de jurisdicción como elemento de entrada Ateneo de Madrid-
Subdivisión de forma Conferencias-
Subdivisión cronológica 1900-1939
9 (RLIN) 1907
852 ## - LOCALIZACIÓN
Ubicación ES-MaACL
Número de control de estantería 1804-F-17
Existencias
Estatus retirado Estado de pérdida Estado de daño No para préstamo Colección Biblioteca de origen Biblioteca actual Ubicación en estantería Fecha de adquisición Fuente de adquisición Total de préstamos Signatura topográfica completa Código de barras Visto por última vez Precio de reemplazo Tipo de ítem Koha
        Colección de folletos Biblioteca del Ateneo de Madrid Biblioteca del Ateneo de Madrid Depósito folletos 17/01/2008     1804-F-17 1119702 23/02/2023 23/02/2023 Folleto